<?xml version="1.0" encoding="UTF-8"?><?xml-stylesheet type="text/xsl" href="static/style.xsl"?><OAI-PMH xmlns="http://www.openarchives.org/OAI/2.0/" xmlns:xsi="http://www.w3.org/2001/XMLSchema-instance" xsi:schemaLocation="http://www.openarchives.org/OAI/2.0/ http://www.openarchives.org/OAI/2.0/OAI-PMH.xsd"><responseDate>2026-04-27T13:47:21Z</responseDate><request verb="GetRecord" identifier="oai:uvadoc.uva.es:10324/63751" metadataPrefix="marc">https://uvadoc.uva.es/oai/request</request><GetRecord><record><header><identifier>oai:uvadoc.uva.es:10324/63751</identifier><datestamp>2023-12-21T20:03:04Z</datestamp><setSpec>com_10324_38</setSpec><setSpec>col_10324_852</setSpec></header><metadata><record xmlns="http://www.loc.gov/MARC21/slim" xmlns:doc="http://www.lyncode.com/xoai" xmlns:xsi="http://www.w3.org/2001/XMLSchema-instance" xmlns:dcterms="http://purl.org/dc/terms/" xsi:schemaLocation="http://www.loc.gov/MARC21/slim http://www.loc.gov/standards/marcxml/schema/MARC21slim.xsd">
<leader>00925njm 22002777a 4500</leader>
<datafield tag="042" ind1=" " ind2=" ">
<subfield code="a">dc</subfield>
</datafield>
<datafield tag="720" ind1=" " ind2=" ">
<subfield code="a">Ilas, Bianca Claudia</subfield>
<subfield code="e">author</subfield>
</datafield>
<datafield tag="260" ind1=" " ind2=" ">
<subfield code="c">2023</subfield>
</datafield>
<datafield tag="520" ind1=" " ind2=" ">
<subfield code="a">Este Trabajo de Fin de Grado tiene como finalidad la creación de una aplicación móvil enfocada a plataformas Android que permita el escaneo y guardado de todas nuestras tarjetas de fidelización de distintos comercios. El usuario cuenta con una herramienta intuitiva y simple que facilite todo lo posible este proceso para poder disponer de su monedero virtual. El objetivo de este proyecto se basa simplificar y agilizar la experiencia del usuario en cuanto a la utilización vía móvil de las tarjetas de puntos de las que disponga mediante su inserción y agrupación en una misma aplicación, empleable en cualquier establecimiento, cuya creación vamos a exponer.</subfield>
</datafield>
<datafield tag="024" ind2=" " ind1="8">
<subfield code="a">https://uvadoc.uva.es/handle/10324/63751</subfield>
</datafield>
<datafield ind1=" " ind2=" " tag="653">
<subfield code="a">Ingeniería de programas y sistemas de programación</subfield>
</datafield>
<datafield tag="245" ind1="0" ind2="0">
<subfield code="a">PocketMix. Monedero virtual para almacenar tus tarjetas de puntos</subfield>
</datafield>
</record></metadata></record></GetRecord></OAI-PMH>